| 000 | 00545nam a22002177a 4500 | ||
|---|---|---|---|
| 003 | Nust | ||
| 005 | 20211228153700.0 | ||
| 008 | 170123b xxu||||| |||| 00| 0 eng d | ||
| 020 | _a8185617988 | ||
| 038 | _akhadija | ||
| 040 | _cc | ||
| 082 |
_a670.4223 _bCHA |
||
| 100 |
_aChapman, W.A.J. _987089 |
||
| 245 |
_aWorkshop Technology part III / _cW.A.J. Chapman and S.J. Martin |
||
| 250 | _a3rd ed. | ||
| 260 |
_aNew Delhi : _bViva Books, _c2004. |
||
| 300 |
_a675 p. ; _c21 cm. |
||
| 500 | _apaperback | ||
| 563 | _aPB | ||
| 942 |
_cBK _2ddc |
||
| 999 |
_c32236 _d32236 |
||